Regional seminars on the orientation of elementary schools towards the basic pattern (Record no. 272195)

MARC details
000 -LEADER
fixed length control field 00849nam a2200253Ia 4500
003 - CONTROL NUMBER IDENTIFIER
control field OSt
005 - DATE AND TIME OF LATEST TRANSACTION
control field 20220918221348.0
008 - FIXED-LENGTH DATA ELEMENTS--GENERAL INFORMATION
fixed length control field 220917b |||||||| |||| 00| 0 eng d
037 ## - SOURCE OF ACQUISITION
Terms of availability Textual
040 ## - CATALOGING SOURCE
Original cataloging agency ARTS
Transcribing agency ARTS
Language of cataloging eng
041 ## - LANGUAGE CODE
Source of code eng
Language code of text/sound track or separate title eng
110 ## - MAIN ENTRY--CORPORATE NAME
Corporate name or jurisdiction name as entry element Education (Ministry of-) (India)
9 (RLIN) 6031
245 #0 - TITLE STATEMENT
Title Regional seminars on the orientation of elementary schools towards the basic pattern
260 ## - PUBLICATION, DISTRIBUTION, ETC.
Date of publication, distribution, etc. 1960
490 ## - SERIES STATEMENT
Series statement Consolidated report of the four regional seminars on the orientation of elementary schools towards the basic pattern held in June-July, 1958
650 ## - SUBJECT ADDED ENTRY--TOPICAL TERM
Topical term or geographic name entry element EDUCATION
700 ## - ADDED ENTRY--PERSONAL NAME
Personal name Education (Ministry of-) (India)
9 (RLIN) 6032
942 ## - ADDED ENTRY ELEMENTS (KOHA)
Classification part TN37,15p2:N58, K0
Koha item type Textual
Source of classification or shelving scheme Colon Classification (CC)
Holdings
Withdrawn status Lost status Damaged status Not for loan Home library Current library Date acquired Total Checkouts Full call number Barcode Date last seen Price effective from Koha item type
        Arts Library Arts Library 2022-09-18   TN37,15p2:N58 K0 AL0174297 2022-09-18 2022-09-18 Textual
Copyright @ Delhi University Library System